000 00932nam a22002537a 4500
005 20170124102953.0
010 _aA-689728
020 _c100.00
035 _aA-689728
037 _bCen Lib/Ret
040 _aDPL
_bHN
082 _a
_bतरंगी
100 _aतरंगी, अशोक
_92125
245 _aदेशद्रोही /
_cअशोक तरंगी
246 _aDeshdrohi /
_bby Ashok Tarangi
260 _aनयी दिल्ली
_bअनुराग प्रकाशन
_c1994
270 _a1/1073-डी, महरौली
_bनयी दिल्ली
_e110030
300 _a206पृ.
_c19सेमी (सजिल्द)
650 _aहिन्दी साहित्य
_952148
650 _aहिन्दी उपन्यास
_952149
650 _aHindi literature
_952150
650 _aHindi novel
_952151
942 _2ddc
_cHN
_h
_mतरंगी
999 _c113417
_d113417